000 01064nam a2200253Ia 4500
003 IN-BaIIA
008 211028s9999 xx 000 0 eng d
020 _a0-7923-0880-8
040 _cIIA Library
080 _a082.2:52
_bIAU-S142
111 _aSymposium on Basic Plasma Processes on the Sun of the International Astronomical Union
_n142nd
_cBangalore, India
_d1989 Dec. 1-5
_917032
245 0 _aBasic plasma processes on the sun
_bproceedings of the 142th symposium on basic plasma processes on the Sunof the International Astronomical Union Held in Bangalore, India, December 1-5, 1989
_cedited by E. R. Priest and V. Krishan
260 _aDordrecht
_bKluwer Academic
_c1990
300 _axi, 540p.
490 _aIAU Symposium; no. 142
650 _aAstronomy and Astrophysics Thesaurus
650 _aPlasmas
_91898
650 _aSolar Plasmas
_916896
650 _aSpace Plasmas
_910937
650 _aSun
_91200
700 _aKrishan, V., ed.
_917033
700 _aPriest, E. R., ed.
_914972
942 _cBK
999 _c10062
_d10062